000 00540nam a2200193Ia 4500
003 IN-BaIIA
005 20260116100034.0
008 211028s9999 xx 000 0 eng d
020 _a0-85229-568-5
040 _cIIA Library
080 _a058:5
_bYEA-93
110 _aEncyclopedia Britannica
_910946
245 0 _aYearbook of science and the future 1993
_cEncyclopedia Britannica
260 _aChicago
_bEncyclopaedia Britannica
_c1992
300 _a512p
650 _aNASA Thesaurus
650 _aYear Book
_911210
942 _cBK
_2ddc
999 _c10800
_d10800